| 000 | 00797nam a2200193 a 4500 | ||
|---|---|---|---|
| 003 | 0 | ||
| 005 | 20250609114626.0 | ||
| 008 | 021127s19uu xx 00 eng d | ||
| 050 |
_aPHS QA 76.9.C66 _b.S83 2001 |
||
| 100 | _aSuatengco, Marco Niccolo G. | ||
| 245 |
_aThe Effects of computer literacy on the academic performance of selected high school students / _cMarco Niccolo G. Suatengco. |
||
| 260 |
_aLas PiƱas City, Philippines : _bSouthville International School and Colleges, _c2001. |
||
| 300 |
_a101 pages : _billustrations ; _c28 cm. |
||
| 504 | _aIncludes bibliographical references. | ||
| 650 |
_aComputer literacy _xStudy and teaching (Secondary) _zPhilippines. |
||
| 650 |
_aAcademic achievement _zPhilippines. |
||
| 650 |
_aComputers and education _zPhilippines. |
||
| 942 |
_2lcc _cPASS |
||
| 999 |
_c96460 _d96460 |
||